000 00814nam a2200229 a 4500
001 47459
003 BD-RjUL
005 20211209054323.0
008 160808s1963 bg ||||| |||| 00| 0 ben d
020 _c: Tk. 0.50
035 _a(BD-RjUL)47578
040 _aBD-RjUL
_bben
_cBD-RjUL
041 _aben
082 _223
_a330.9
_bGAB 1963
100 _aগ্যালব্রেথ, জন কে.
_9144329
245 1 0 _aবৈষইয়িক উন্নয়নের গতিপথে /
_cআসকার ইবনে শাইখ, অনুবাদক
260 _aঢাকা :
_bবই ঘর,
_c১৯৬৩
300 _a৭১ পৃ. ;
_c১২ সেমি.
650 _aঅর্থনৈতিক উন্নয়ন
_9144330
650 _aeconomic development
_9144331
942 _2ddc
_cBK
999 _c47459
_d47459